| 000 | 00811nab a2200241 u 4500 | ||
|---|---|---|---|
| 001 | 13627 | ||
| 003 | HDC | ||
| 007 | cr bn ---aaaaa | ||
| 008 | 210213c 0330my dr|nes 0 |0eng | ||
| 040 | _aHDC | ||
| 245 | 0 | _aHDC'S Collaborations With BOC, Greenland Set To Double Halal Exports To China | |
| 260 |
_a[no place] : _b[publisher not identified], _c[no year] |
||
| 336 |
_atext _2rdacontent |
||
| 337 |
_acomputer _2rdamedia |
||
| 338 |
_aonline resource _2rdacarrier |
||
| 650 |
_aHalal export _96113 |
||
| 650 |
_aHalal food industry _9128 |
||
| 710 | _aBernama | ||
| 856 | _zRequest full-text at [email protected] | ||
| 942 | _2lcc | ||
| 942 | _cNEWS | ||
| 942 | _kNWSO 002905 | ||
| 999 |
_c10943 _d10943 |
||